Statistics for Peru all time starting xi

Click here to take the quiz!

General Stats

  • This quiz has been taken 13 times
  • The average score is 4 of 11

Answer Stats

HintAnswer% Correct
FW(1968-1982Teófilo Cubillas
75%
MF(1999-2016Claudio Pizarro
67%
FW(2003-2021Jefferson farfán
67%
FW(2004-Paolo Guerrero
67%
GK(2014-Pedro Gallese
42%
DF(2010-Luis Advíncula
33%
DF(1965-1981Héctor Chumpitaz
8%
DF(2011-Yoshimar Yotún
8%
MF(1992-2007Jorge Soto
0%
MF(1992-2012Roberto Palacios
0%
DF(1972-1985Rubén Toribio Díaz
0%

Score Distribution

Percentile by Number Answered

Percent of People with Each Score

Your Score History

You have not taken this quiz